Ramona forever / (Record no. 111430)
[ view plain ]
| 000 -LEADER | |
|---|---|
| fixed length control field | 00453nam a2200169 a 4500 |
| 001 - CONTROL NUMBER | |
| control field | 1226 |
| 005 - DATE AND TIME OF LATEST TRANSACTION | |
| control field | 20140414131915.0 |
| 008 - FIXED-LENGTH DATA ELEMENTS--GENERAL INFORMATION | |
| fixed length control field | 041111s19uu xx 00 eng d |
| 020 ## - INTERNATIONAL STANDARD BOOK NUMBER | |
| International Standard Book Number | 9780439148030 |
| 050 ## - LIBRARY OF CONGRESS CALL NUMBER | |
| Classification number | FIC |
| Item number | C58 2007 |
| 100 ## - MAIN ENTRY--PERSONAL NAME | |
| Personal name | Cleary, Beverly |
| 245 ## - TITLE STATEMENT | |
| Title | Ramona forever / |
| Statement of responsibility, etc | Beverly Cleary ; illustrated by Alan Tiegreeng. |
| 260 ## - PUBLICATION, DISTRIBUTION, ETC. (IMPRINT) | |
| Place of publication, distribution, etc | New York : |
| Name of publisher, distributor, etc | Scholastic , |
| Date of publication, distribution, etc | 2007. |
| 300 ## - PHYSICAL DESCRIPTION | |
| Extent | |
| 650 ## - SUBJECT ADDED ENTRY--TOPICAL TERM | |
| Topical term or geographic name as entry element | Children stories. |
| Withdrawn status | Lost status | Damaged status | Home library | Current library | Shelving location | Date acquired | Total Checkouts | Full call number | Barcode | Date last seen | Price effective from | Koha item type |
|---|---|---|---|---|---|---|---|---|---|---|---|---|
| Munich Library | Munich Library | Fiction Section | 09/02/2010 | FIC C58 2007 | M2149 | 04/14/2014 | 04/14/2014 | Books |